Southville International School and Colleges
Your cart is empty.
  • Cart
  • Lists
    Public lists Eva Luna New books Lux_list list_1
    Your lists Log in to create your own lists
  • Log in to your account
  • Your cookies
  • Search history
Southville International School and Colleges
  • Advanced search
  • Recent comments
  • Most popular
  • Libraries

Log in to your account

Log in with GOOGLE


If you do not have an external account, but do have a local account, you can still log in:

  1. Home
  2. MARC view: Energy is everywhere /
Normal view MARC view ISBD view

Energy is everywhere / (Record no. 41486)

[ view plain ]
MARC details
000 -LEADER
fixed length control field 00509nam a2200205Ia 4500
003 - CONTROL NUMBER IDENTIFIER
control field OSt
005 - DATE AND TIME OF LATEST TRANSACTION
control field 20140405102244.0
008 - FIXED-LENGTH DATA ELEMENTS--GENERAL INFORMATION
fixed length control field 140130s9999 xx 000 0 und d
020 ## - INTERNATIONAL STANDARD BOOK NUMBER
International Standard Book Number 9780516280035
050 ## - LIBRARY OF CONGRESS CALL NUMBER
Classification number QC 73.4
Item number .Y68 2006
100 ## - MAIN ENTRY--PERSONAL NAME
Personal name Young, June.
9 (RLIN) 30923
245 ## - TITLE STATEMENT
Statement of responsibility, etc June Young.
Title Energy is everywhere /
260 ## - PUBLICATION, DISTRIBUTION, ETC. (IMPRINT)
Name of publisher, distributor, etc Scholastic Inc,
Date of publication, distribution, etc c2006.
Place of publication, distribution, etc USA :
300 ## - PHYSICAL DESCRIPTION
Extent 31 p. :
Other physical details ill. col. ;
Dimensions 15 cm.
440 ## - SERIES STATEMENT/ADDED ENTRY--TITLE
Volume number/sequential designation 1
9 (RLIN) 30924
521 ## - TARGET AUDIENCE NOTE
Target audience note
526 ## - STUDY PROGRAM INFORMATION NOTE
Reading level BR
942 ## - ADDED ENTRY ELEMENTS (KOHA)
Koha item type Books
Source of classification or shelving scheme Library of Congress Classification
Holdings
Withdrawn status Lost status Source of classification or shelving scheme Damaged status Home library Current library Shelving location Date acquired Total Checkouts Full call number Barcode Date last seen Copy number Price effective from Koha item type
    Library of Congress Classification   Munich Library Munich Library Scholastic Reading Center Section 01/30/2014   QC 73.4 .Y68 2006 MS1123 01/30/2014 1 03/11/2014 Books

Energy is everywhere /

APA

Young J., . (2006). Energy is everywhere. USA: Scholastic Inc.

Chicago

Young June, . 2006. Energy is everywhere. USA: Scholastic Inc.

Harvard

Young J., . (2006). Energy is everywhere. USA: Scholastic Inc.

MLA

Young June, . Energy is everywhere. USA: Scholastic Inc. 2006.

  • Place hold
  • Print
  • Cite
  • Add to your cart (remove)
  • Save record
    BIBTEX Dublin Core MARCXML MARC (non-Unicode/MARC-8) MARC (Unicode/UTF-8) MARC (Unicode/UTF-8, Standard) MODS (XML) RIS
  • More searches
    Search for this title in:
    Other Libraries (WorldCat) Other Databases (Google Scholar) Online Stores (Bookfinder.com) Open Library (openlibrary.org)

Exporting to Dublin Core...

SOUTHVILLE LIBRARY

Southville International School and Colleges Library

1281 Tropical Ave. Cor. Luxembourg St., BF Homes International, Las Pinas City

Tel. No. 8256374 / 252358 Loc. 117/146

Powered by Koha